000 01258nam a22003737a 4500
003 CHAP
005 20220329133600.0
008 971013s1993 r 00010 d
010 _a8176
011 _a9148
035 _a8382
040 _cCHAP
090 _aTesis
100 0 0 _aGuajardo Maldonado, Hugo César.
_950961
245 _aProblemática del control de existencias dentro del marco operativo de Conasupo
260 _aChapingo, Méx. :
_bEl autor,
_c1993
300 _a169 h
502 _aTesis (Ing. Agr. Esp. en Fitotecnia) -- UACH. Departamento de Fitotecnia
590 _aALEPH
_b10
_c20130110
_lUCH01
_h1221
590 _aBATCH-UPD
_b10
_c20130109
_lUCH01
_h2236
590 _aBATCH-UPD
_b10
_c20130110
_lUCH01
_h0244
590 _aBATCH-UPD
_b10
_c20130110
_lUCH01
_h1107
590 _aBATCH-UPD
_b10
_c20130409
_lUCH01
_h1821
590 _aBATCH-UPD
_b10
_c20130409
_lUCH01
_h2314
590 _aBATCH-UPD
_b10
_c20130914
_lUCH01
_h1438
590 _aCONVERSION
_b10
_c20130109
_lUCH01
_h1306
650 1 4 _aFrijol
_xAlmacenamiento.
_943322
650 1 4 _aInventarios.
_960169
650 1 4 _aLeche desecada.
_965434
650 1 4 _aMaíz
_xAlmacenamiento.
_970853
901 _aBK
942 _cTESIS
949 _bBC
_cTES
_d-18569
_eTS1
_h26156
_i8382
_mD
_si
999 _c8176
_d8176